• 首页
  • 本馆介绍
  • 公告通知
  • 最新文献
  • 馆藏检索
  • 电子资源
  • 读者导购
  • 参考咨询
  • 我的图书馆
  • 登录
  • 详细信息显示
  • 放入我的书架
  • 预约/预借图书
  • 作者相关作品
  • 分类相关作品
  • 丛书相关作品
  • 出版社相关作品

书目信息

  • 表格格式
  • 工作单格式
  • 卡片格式
题名:
万历十五年
    
 
作者: 黄仁宇 著
分册:  
出版信息: 北京   中华书局  2006
页数: 264页
开本: 24cm
丛书名:
单 册:
中图分类: K248.307
科图分类:
主题词: 史评--中国--1573~1620 , 史评
电子资源:
ISBN: 978-7-101-05203-9
000 00925nam0 2200265 450
001 003245927
005 20130504092547.94
010    @a978-7-101-05203-9@dCNY36.00
100    @a20060124e20072006em y0chiy0110 ea
101 0  @achi
102    @aCN@b110000
105    @aab z 000yy
106    @ar
200 1  @a万历十五年@9wan li shi wu nian@e增订纪念本@f(美)黄仁宇著
210    @a北京@c中华书局@d2006@h2007重印
215    @a264页@c地图,图@d24cm
312    @a封面英文题名: A year of no significance
330    @a本书作者以该年前后的事件及生活在那个时代的人物为中心,抽丝剥茧,梳理了中国传统社会管理层面存在的种种问题,并在此基础上探索现代中国应当涉取的经验和教训。
510 1  @aYear of no significance@zeng
606 0  @a史评@y中国@z1573~1620
606 0  @a史评
690    @aK248.307@v4
701  0 @c(美)@a黄仁宇@9huang ren yu@f(1918~2000)@4著
801  0 @aCN@bNLC@c20061115
905    @b543256-58@dK248.307@e87=2@f3
    
    万历十五年:增订纪念本/(美)黄仁宇著.-北京:中华书局,2006(2007重印)
    264页:地图,图;24cm
    
    
    ISBN 978-7-101-05203-9:CNY36.00
    本书作者以该年前后的事件及生活在那个时代的人物为中心,抽丝剥茧,梳理了中国传统社会管理层面存在的种种问题,并在此基础上探索现代中国应当涉取的经验和教训。
●
相关链接 在E读中查询图书 在五车中查询图书 在当当中查询图书 在豆瓣中查询图书


正题名:万历十五年     索取号:K248.307/87=2         预约/预借

序号 登录号 条形码 馆藏地/架位号 状态 备注
1 543256   205432566   第二样本阅览室/ [索取号:K248.307/87=2] 在馆    
2 543257   205432575   第二借阅区/ [索取号:K248.307/87=2] 在馆    
3 543258   205432584   第二借阅区/ [索取号:K248.307/87=2] 在馆    
唐山师范学院图书馆 欢迎您!
大连网信软件有限公司© 版权所有